| 000 | 00586nam a22002057a 4500 | ||
|---|---|---|---|
| 003 | 0 | ||
| 005 | 20260116150055.0 | ||
| 008 | 260116b xxu||||| |||| 00| 0 eng d | ||
| 020 | _a978-0-545-53525-0 | ||
| 050 |
_aER _bWh555 2014 |
||
| 082 |
_aER _bWh555 2014 |
||
| 100 | _aBleck, Linda | ||
| 245 |
_aWhat's in my truck? _cLinda Bleck |
||
| 260 |
_aNew York, NY : _bScholastic Inc., _c2014. |
||
| 300 |
_a10 unnumbered pages : _bcolored illustrations ; _c17 cm. |
||
| 650 | _aBoard books. | ||
| 650 | _aLift-the-flap books. | ||
| 650 |
_aTrucks _vJuvenile fiction. |
||
| 942 |
_2ddc _cBK |
||
| 999 |
_c368728 _d368728 |
||